|
|
|
|
| LEADER |
00000nkm a2200000 a 4500 |
| 001 |
vtls001220744 |
| 003 |
SK-MaSNL |
| 005 |
20260512122618.0 |
| 007 |
kp bo |
| 008 |
180810q1923 xo g 0kuhun |
| 035 |
|
|
|a SNK000165673
|
| 040 |
|
|
|a SNK
|b slo
|c SNK
|e AACR2
|
| 041 |
0 |
|
|a hun
|
| 043 |
|
|
|a e-xo---
|
| 044 |
|
|
|a xo
|c SK
|
| 072 |
|
7 |
|a 913
|x Regionálna geografia
|2 konspekt
|
| 080 |
|
|
|a 913(437.6)
|2 2011
|
| 080 |
|
|
|a (084.121)
|2 2011
|
| 245 |
0 |
0 |
|a Kassa
|b Fö ucca,parkrészlei a szökökúttal
|
| 260 |
|
|
|a Kassa
|b F. L.
|c [1923?]
|e Budapest
|f Weinstock
|
| 300 |
|
|
|a 1 pohľadnica
|b čiernobiela
|c 9 x 14 cm
|
| 651 |
|
7 |
|a Košice (Slovensko)
|2 SNKPHgeo
|9 18694
|
| 655 |
|
7 |
|a miestne pohľadnice
|2 SNKPH
|9 70510
|
| 752 |
|
|
|a Slovensko
|d Košice
|
| 958 |
|
|
|a ONDV
|
| 958 |
|
|
|a GBN
|
| 958 |
|
|
|a GC
|
| 999 |
|
|
|c 625049
|d 626979
|
| 952 |
|
|
|t P60, <04>, [BOOK], {604}
|a SNK
|b SNK
|y PREZ
|7 0
|o snkSP 125387 D1
|i snkPV 227/96
|0 0
|1 0
|4 0
|d 1996-09-18
|l 0
|r 2005-01-01 00:00:00
|w 2026-02-23
|